| 000 | 00660nam a22002057a 4500 | ||
|---|---|---|---|
| 999 |
_c1972 _d1972 |
||
| 003 | AR-CdUCM | ||
| 008 | 190228b ||||| |||| 00| 0 spa d | ||
| 040 |
_aMUNICIPALIDAD PROVINCIAL DEL CUSCO _cBIBLIOTECA MUNICIPAL DEL CUSCO |
||
| 082 |
_a869.55 / _bES77 |
||
| 100 |
_aEscobar, Alberto _91581 |
||
| 245 |
_aTradiciones Peruanas de Ricardo Palma : _bAntología / |
||
| 300 |
_a270 páginas _c22cm |
||
| 440 |
_aBiblioteca Básica Peruana _nX _97199 |
||
| 505 | _aNarrativa | ||
| 650 |
_aNarrativa peruana _9226 |
||
| 650 |
_aLiteratura peruana _97175 |
||
| 710 |
_aBiblioteca Nacional del Perú _9732 |
||
| 942 |
_2ddc _cLIBROS |
||
| 945 |
_anom _d2019-02-28 |
||